LIBRARY & INFORMATION CENTRE, KCAET, TAVANUR

ONLINE PUBLIC ACCESS CATALOGUE (OPAC)

Normal view MARC view
  • DAYANA SCARIA

Entry Personal Name

Number of records used in: 1

001 - CONTROL NUMBER

  • control field: 3397

003 - CONTROL NUMBER IDENTIFIER

  • control field: OSt

005 - DATE AND TIME OF LATEST TRANSACTION

  • control field: 20180928111006.0

008 - FIXED-LENGTH DATA ELEMENTS

  • fixed length control field: 180928|| aca||aabn | a|a d

040 ## - CATALOGING SOURCE

  • Original cataloging agency: OSt
  • Transcribing agency: OSt

100 ## - HEADING--PERSONAL NAME

  • Personal name: DAYANA SCARIA

670 ## - SOURCE DATA FOUND

  • Source citation: Work cat.: (OSt)15084: DAYANA SCARIA MANOJ K. UNNI SONIYA BABY, Effect of mulching and nutrient sources on the production of salad cucumber inside and outside naturally ventilated green house
free website counter